| 000 | 00903cam a22001934a 4500 | ||
|---|---|---|---|
| 005 | 20250605164226.0 | ||
| 008 | 250528s ||||||||||||||||||||||||d | ||
| 035 | _a20863 | ||
| 020 | _a9789602192979 | ||
| 040 |
_aGR-AtMCL _bgre _dGR-AtMCL _eAACR2 |
||
| 245 | 1 | _aΟ Πρίγκηπας με τα Κρίνα / Λογοτεχνία για νέους | |
| 260 |
_bΚαλέντης, _c2014 |
||
| 300 | _a128 | ||
| 520 | _aΗ ιστορία ενός αγοριού που ζει στη Ζάκρο της Κρήτης, στα χρόνια του Μινωικού Πολιτισμού. Μια συναρπαστική περιπέτεια στο μαγικό νησί της Πασιφάης και του Μίνωα, του Ταύρου και του διπλού τσεκουριού... | ||
| 700 | 1 |
_aΜαστρογιάννη Ιφιγένεια _96835 |
|
| 942 | _cBK | ||
| 999 |
_c5944 _d5944 |
||